Микропроцессоры: Технология, архитектура и применение: пер. с англ.

Bibliographische Detailangaben
1. Verfasser: Макглин Д. Р. Даниэль
Sprache:Russisch
Veröffentlicht: Москва, Энергия, 1979
Schlagworte:
Format: Buch
KOHA link:https://koha.lib.tpu.ru/cgi-bin/koha/opac-detail.pl?biblionumber=38619

MARC

LEADER 00000nam0a2200000 4500
001 38619
005 20231031010330.0
035 |a (RuTPU)RU\TPU\book\39406 
090 |a 38619 
100 |a 20020312d1979 km y0rusy50 ca 
101 1 |a rus  |c eng 
102 |a RU 
105 |a a z 001zy 
200 1 |a Микропроцессоры: Технология, архитектура и применение  |e пер. с англ.  |f Д. Р. Макглин 
210 |a Москва  |c Энергия  |d 1979 
215 |a 224 с.  |c ил. 
320 |a Библиогр.: с. 210-211. 
610 1 |a информатика 
610 1 |a вычислительная техника 
610 1 |a микропроцессоры 
610 1 |a применение 
610 1 |a архитектура 
610 1 |a микроЭВМ 
610 1 |a изготовление 
610 1 |a программирование 
675 |a 681.325.5  |v 3 
700 1 |a Макглин  |b Д. Р.  |g Даниэль 
801 1 |a RU  |b 63413507  |c 20020312  |g PSBO 
801 2 |a RU  |b 63413507  |c 20160829  |g PSBO 
942 |c BK